Classement du Ballon d'or 1996 - Statistiques

Statistiques générales
  • Ce quiz a été pris 74 fois
  • Le résultat moyen est 12 sur 32
Statistiques - réponses
Classement Joueur Club du joueur Nationalité % Correct
2 Ronaldo PSV Eindhoven / FC Barcelone Brésil
93%
32 Zinédine Zidane Girondins de Bordeaux / Juventus FC France
88%
12 George Weah AC Milan Libéria
82%
1 Matthias Sammer Borussia Dortmund Allemagne
79%
7 Eric Cantona Manchester United France
77%
4 Alessandro Del Piero Juventus FC Italie
75%
6 Davor Suker Séville FC / Real Madrid Croatie
71%
3 Alan Shearer Blackburn Rovers / Newcastle United Angleterre
70%
18 Didier Deschamps Juventus FC France
68%
14 Gabriel Batistuta ACF Fiorentina Argentine
61%
8 Marcel Desailly AC Milan France / Ghana
54%
29 Luis Figo FC Barcelone Portugal
52%
22 Paolo Maldini AC Milan Italie
52%
9 Youri Djorkaeff Paris Saint-Germain / Inter Milan France
52%
21 Raul Real Madrid Espagne
50%
11 Nwankwo Kanu Ajax Amsterdam / Inter Milan Nigéria
41%
30 Brian Laudrup Rangers FC Danemark
38%
17 Predrag Mijatovic Valence CF / Real Madrid Yougoslavie
30%
27 Rui Costa ACF Fiorentina Portugal
30%
5 Jürgen Klinsmann Bayern Munich Allemagne
20%
28 Ronald De Boer Ajax Amsterdam Pays-Bas
20%
15 Andreas Köpke Eintracht Francfort / Olympique de Marseille Allemagne
13%
20 David Seaman Arsenal FC Angleterre
13%
10 Karel Poborsky Slavia Prague / Manchester United République Tchèque
11%
13 Alen Boksic Juventus FC Croatie
7%
16 Fabrizio Ravanelli Juventus FC / Middlesbrough FC Italie
4%
24 Patrik Berger Borussia Dortmund / Liverpool FC République Tchèque
2%
23 Christian Ziege Bayern Munich Allemagne
0%
19 Kubilay Türkyilmaz Grasshopper Zurich Suisse / Turquie
0%
26 Radek Bejbl Slavia Prague / Atlético Madrid République Tchèque
0%
31 Sergi Barjuan FC Barcelone Espagne
0%
25 Trifon Ivanov Rapid Vienne Bulgarie
0%
Aucun quiz correspondant
Distribution des résultats
% des personnes avec chaque résultat
Percentile par nombre de réponses
Votre historique - résultats
Vous n’avez pas pris ce quiz